Las grandes tortugas del seudodiluvial castellano / (Record no. 132902)
[ view plain ]
| 000 -LEADER | |
|---|---|
| campo de control de longitud fija | 00704nam a2200193 4500 |
| 001 - NÚMERO DE CONTROL | |
| campo de control | 132902 |
| 003 - IDENTIFICADOR DE NÚMERO DE CONTROL | |
| campo de control | ES-MaACL |
| 005 - FECHA Y HORA DE LA ÚLTIMA TRANSACCIÓN | |
| campo de control | 20250902102519.0 |
| 007 - CAMPO FIJO DE DESCRIPCIÓN FÍSICA--INFORMACIÓN GENERAL | |
| campo de control de longitud fija | t| |
| 008 - DATOS DE LONGITUD FIJA--INFORMACIÓN GENERAL | |
| campo de control de longitud fija | 070214s1935 sp r ||||1| spa d |
| 100 1# - ENTRADA PRINCIPAL--NOMBRE DE PERSONA | |
| Nombre de persona | Royo Gómez, José, |
| Fechas asociadas al nombre | 1895-1961 |
| 9 (RLIN) | 100228 |
| 245 14 - MENCIÓN DEL TÍTULO | |
| Título | Las grandes tortugas del seudodiluvial castellano / |
| Mención de responsabilidad, etc. | J. Royo Gómez. |
| 260 ## - PUBLICACIÓN, DISTRIBUCIÓN, ETC. | |
| Lugar de publicación, distribución, etc. | Madrid : |
| Nombre del editor, distribuidor, etc. | [s. n.], |
| Fecha de publicación, distribución, etc. | 1935. |
| 300 ## - DESCRIPCIÓN FÍSICA | |
| Extensión | 24 p., 8 lám. ; |
| Dimensiones | 24 cm. |
| 500 ## - NOTA GENERAL | |
| Nota general | Es tirada aparte de: Boletín de la Sociedad Española de Historia Natural, t. XXXV, p. 463-486 + lám. XLVII-LIV. |
| 710 2# - ENTRADA AGREGADA--NOMBRE DE ENTIDAD CORPORATIVA | |
| Nombre de entidad corporativa o nombre de jurisdicción como elemento de entrada | Real Sociedad Española de Historia Natural |
| 9 (RLIN) | 6397 |
| 852 ## - LOCALIZACIÓN | |
| Ubicación | ES-MaACL |
| Número de control de estantería | 1833-F-25 |
| Sublocalización o colección | R.18559 |
| Estatus retirado | Estado de pérdida | Estado de daño | No para préstamo | Colección | Biblioteca de origen | Biblioteca actual | Ubicación en estantería | Fecha de adquisición | Fuente de adquisición | Total de préstamos | Signatura topográfica completa | Código de barras | Visto por última vez | Precio de reemplazo | Tipo de ítem Koha |
|---|---|---|---|---|---|---|---|---|---|---|---|---|---|---|---|
| Colección de folletos | Biblioteca del Ateneo de Madrid | Biblioteca del Ateneo de Madrid | Depósito folletos | 17/01/2008 | 1833-F-25 | 1138357 | 23/02/2023 | 23/02/2023 | Folleto |
